Normal view
MARC view
- Bilal Atif
Entry Personal Name
001 - CONTROL NUMBER
- control field: 19091
003 - CONTROL NUMBER IDENTIFIER
- control field: NUST
005 - DATE AND TIME OF LATEST TRANSACTION
- control field: 20190805102008.0
008 - FIXED-LENGTH DATA ELEMENTS
- fixed length control field: 190805|| aca||aabn | a|a d
040 ## - CATALOGING SOURCE
- Original cataloging agency: NUST
- Transcribing agency: NUST
100 ## - HEADING--PERSONAL NAME
- Personal name: Bilal Atif
670 ## - SOURCE DATA FOUND
- Source citation: Work cat.: (NUST): Bilal Atif, Big Data and its Application /, 2014.
